| 000 | 00520nam a2200205Ia 4500 | ||
|---|---|---|---|
| 003 | OSt | ||
| 005 | 20250929183502.0 | ||
| 008 | 210423s1974 xx 000 0 und d | ||
| 040 | _cAL | ||
| 041 | _aEnglish | ||
| 082 |
_a305.235 _bJOHY |
||
| 100 |
_aJohn V V _9119336 |
||
| 245 | _aYouth and national goals | ||
| 260 |
_aNew Delhi _bVishwa Yuvaka Kendra _c1974 |
||
| 365 | _cINR | ||
| 650 |
_aSocial Groups _9119337 |
||
| 650 |
_aSocial Sciences _9119338 |
||
| 906 | _agoals ; national ; Youth | ||
| 942 |
_2ddc _cBK |
||
| 999 |
_c174857 _d174857 |
||